| 000 | 00730cab a2200241 4500 | ||
|---|---|---|---|
| 001 | WB3014-07 | ||
| 008 | 090401t1994 xxu||||| |||| 00| 0 eng d | ||
| 035 | _a(Sirsi) u23894 | ||
| 041 | _aeng | ||
| 245 | _aLondon offices facing conversion | ||
| 260 | _c1994 | ||
| 350 | _a0 | ||
| 490 |
_aProperty Week _v47(2) 14 April 1994, 8(1) |
||
| 520 | _aApplied Property Research has identified 1.2m-sq-ft of central London office stock which is being converted into residential use about 3% of available office space. | ||
| 650 | _aAPR | ||
| 650 | _aCHANGE OF USE | ||
| 650 | _aCONVERSION | ||
| 650 | _aOFFICES | ||
| 650 | _aRESIDENTIAL USE | ||
| 690 | _aPROPERTY-COMMERCIAL PROPERTY | ||
| 942 | _n0 | ||
| 948 | _c04/03/1997 | ||
| 999 |
_c15997 _d15997 |
||